000 00448nam a2200169Ia 4500
020 _a0201184915
040 _cAUM
082 _a519 ADD 1989 A034 Or.
100 1 _aWeiss, N. A.
245 1 0 _aElementary statistics /
250 _aReprinted with corrections, June, 1989
260 _aReading, Mass. :
_bAddison-Wesley,
_c1989
300 _axvi, 567, [77] p. :
_bill. ;
_c24 cm
500 _aIncludes index
650 0 _aStatistics
942 _cEK
999 _c12371
_d12371